ბათუმის შოთა რუსთაველის სახელმწიფო უნივერსიტეტის ბიბლიოთეკა

პატენტმცოდნეობა : (ბიბ.ჩანაწერი № 38609)

000 -ლიდერი
ფიქსირებული სიგრძის საკონტროლო ველი 01154nam a2200229Ia 4500
001 - საკონტროლო ნომერი
საკონტროლო ველი 4751
003 - საკონტროლო ნომრის იდენტიფიკატორი
საკონტროლო ველი GE_BSU
005 - ბოლო ოპერაციის თარიღი და დრო
საკონტროლო ველი 20190916162658.0
008 - ფიქსირებული სიგრძის მონაცემთა ელემენტები - ზოგადი ინფორმაცია
ფიქსირებული სიგრძის საკონტროლო ველი 181216s1983||||ge |||||||||||||| ||geo||
040 ## - კატალოგიზაციის წყარო
Transcribing agency GE_BSU
041 ## - ენის კოდი
Language code of text/sound track or separate title geo
080 ## - უნივერსალური ათობითი კლასიფიკაციის ინდექსი
Universal Decimal Classification number 347.771(075.8)+608.3(075.8) პ-21
245 ## - ცნობა სათაურის შესახებ
Title პატენტმცოდნეობა :
Remainder of title სახელმძღვ. უმაღლ. სასწ. სტუდენტებისათვის /
Statement of responsibility, etc ე. არტემიევი, ვ. რიასენცევი, ა. დორკინი და სხვა ; თარგმანი ნ. ხუციშვილისა
264 ## - წარმოების, გამოცემის, დისტრიბუციის და სხვა ცნობები
გამოცემის, წარმოების, დისტრიბუციის... ადგილი თბ. :
გამოცემის, წარმოების, დისტრიბუციის... სახელწოდება მეცნიერება,
გამოცემის, წარმოების, დისტრიბუციის... თარიღი 1983.
300 ## - ფიზიკური აღწერა
Extent 373გვ. ;
Other physical details 21სმ.
653 ## - INDEX TERM--UNCONTROLLED
Uncontrolled term პატენტმცოდნეობა
700 ## - ADDED ENTRY--PERSONAL NAME
Personal name არტემიევი, ე.
Relator term ავტორი
9 (RLIN) 4032
700 ## - ADDED ENTRY--PERSONAL NAME
Personal name რიასენცევი, ვ.
Relator term ავტორი
9 (RLIN) 4033
700 ## - ADDED ENTRY--PERSONAL NAME
Personal name დორკინი, ა. და სხვ.
Relator term ავტორი
9 (RLIN) 4034
700 ## - ADDED ENTRY--PERSONAL NAME
Personal name ხუციშვილი, ნ.
Relator term რედაქტორი
9 (RLIN) 4035
942 ## - ADDED ENTRY ELEMENTS (KOHA)
Koha item type წიგნი
Source of classification or shelving scheme
ეგზემპლარები
ჩამოწერის სტატუსი დაკარგული ეგზემპლარის სტატუსი კლასიფიკაციის წყარო ან თაროზე გაწყობის სქემა დაზიანების სტატუსი არ გაიცემა მუდმივი მდებარეობა (დაცვის ადგილი) ამჟამინდელი ადგილსამყოფელი თაროზე განთავსების ადგილი შეძენის თარიღი ღირებულება, შესყიდვის ნორმალური ფასი სრული შენახვის შიფრი შტრიხკოდი ბოლო ოპერაციის თარიღი ეგზემპლარის მიმდევრობითი ნომერი (კეტერი?) ფასის ძალაში შესვლის თარიღი ეგზემპლარის სახეობა საჯარო შენიშვნა
          ბათუმის შოთა რუსთაველის სახელმწიფო უნივერსიტეტის მთავარი ბიბლიოთეკა ბათუმის შოთა რუსთაველის სახელმწიფო უნივერსიტეტის მთავარი ბიბლიოთეკა წიგნსაცავი 2018-12-17 2.50 347.771(075.8)+608.3(075.8) პ-21 5653 2018-12-17 5653 2018-12-17 წიგნი 2 ლ. 50 თ.
          ბათუმის შოთა რუსთაველის სახელმწიფო უნივერსიტეტის მთავარი ბიბლიოთეკა ბათუმის შოთა რუსთაველის სახელმწიფო უნივერსიტეტის მთავარი ბიბლიოთეკა წიგნსაცავი 2018-12-17 2.50 347.771(075.8)+608.3(075.8) პ-21 5654 2018-12-17 5454 2018-12-17 წიგნი 2 ლ. 50 თ.